000 00469nam a2200181Ia 4500
001 18274
005 20260306171618.0
008 260306s9999||||xx |||||||||||||| ||und||
041 _aESP
082 _a658.402
_bH41
100 _aHersey, Paul
_eAUT
245 0 _aAdministración del comportamiento organizacional:
_bliderazgo situacional
260 _c1998
300 _axxv, 627 páginas :
_c23 cm
650 _aGEN
654 _aCAN
942 _cLIB
_dJUS
_fJUS
_2ddc
_n
999 _c18274
_d18274